000 00594nam a2200217 a 4500
005 20200104041509.0
008 140220b1995 sz ||||| |||| 00| 0 spa d
040 _aCO-BoIAVH
_cCO-BoIAVH
041 _aeng
044 _asz
090 _aLB
_b00272
100 _989
_aMcNeely, Jeffrey A.
245 _aInvesting in biodiversity conservation
260 _aSwitzerland
_bIUCN
_c1995
300 _a55 p.
650 _aConservación de biodiversidad
_9345
650 _aRecursos financieros
_942617
650 _aInvestigación
_942618
700 _aWeatherly, W. Paul
_97212
942 _cINFORME
_2z
999 _c292
_d292